-
SINGH, AWADHESH KUMAR AND PANDEY, SATYAPRAKASH
Entry Personal Name
Number of records used in: 1
001 - CONTROL NUMBER
003 - CONTROL NUMBER IDENTIFIER
005 - DATE AND TIME OF LATEST TRANSACTION
- control field:
20260406113504.0
008 - FIXED-LENGTH DATA ELEMENTS
- fixed length control field:
260406|| aca||aabn | a|a d
040 ## - CATALOGING SOURCE
- Original cataloging agency:
JRU
- Transcribing agency:
JRU
100 ## - HEADING--PERSONAL NAME
- Personal name:
SINGH, AWADHESH KUMAR AND PANDEY, SATYAPRAKASH
670 ## - SOURCE DATA FOUND
- Source citation:
Work cat.: (JRU)9112: SINGH, AWADHESH KUMAR AND PANDEY, SATYAPRAKASH , RURAL MARKETING : INDIAN PERSPECTIVE [2ND ED. ], 2026